Inherently funny words - Statistics

General Stats
  • This quiz has been taken 109 times
  • The average score is 5 of 15
Answer Stats
Definition Inherently funny word % Correct
Walk with short steps and a clumsy swaying motion, like a duck or penguin Waddle
80%
Embarrassing mistake; stupid person; breast Boob
62%
A silly or annoying person; possibly derived from a silly and annoying person called T.W. Earp Twerp
59%
Eat hurriedly and noisily; make a noise like a turkey Gobble
51%
Bird that steals other bird's nests Cuckoo
35%
Laugh quietly or inwardly, such as when reading an inherently funny word Chuckle
28%
Nonsense; rubbish (used to express contempt or disagreement, or as an exclamation of annoyance); testacles Bollocks
27%
Acting together with others for an illegal or dishonest purpose; always preceded by "in" Cahoots
27%
Primate of the genus Papio Baboon
23%
A ridiculous but amusing person; a clown; commonly applied to the current Prime Minister of the United Kingdom Buffoon
20%
A disorderly group of people; collective noun for a type of bird Gaggle
20%
A light, clear ringing sound; a phone call; urinate Tinkle
20%
Siren or steam whistle; nose; breast Hooter
13%
Anatomical feature prominent in primates of the genus Papio; Biggus Dickus's wife in "The Life of Brian" Buttocks
10%
A very great number or amount of something; perhaps most commonly applied to "cash" Oodles
6%
No matching quizzes found
Score Distribution
Percent of People with Each Score
Percentile by Number Answered
Your Score History
You have not taken this quiz